| 000 | 00651nab#a2200229#c#4500 | ||
|---|---|---|---|
| 999 |
_c53248 _d53248 |
||
| 003 | IEF | ||
| 005 | 20191210182858.0 | ||
| 008 | 950704s1975 uuu|| #####0 b| |u | ||
| 040 |
_aIEF _cES-MaIEF |
||
| 100 | 1 |
_aSantos Peñas, Julián _939809 |
|
| 245 |
_aPresión impositiva sobre las rentas de trabajo en España _cJulián Santos Peñas |
||
| 260 | _c1975 | ||
| 500 | _aIndice,Conclusiones,Bibliografía | ||
| 650 | 4 |
_aPRESION FISCAL _948102 |
|
| 650 | 4 |
_aTRABAJO _948201 |
|
| 650 | 4 |
_aRENTA _950200 |
|
| 650 | 4 |
_aESPAÑA _941092 |
|
| 773 | 0 |
_tHacienda pública española _w34570 _g37, p. 41-69 |
|
| 942 | _2udc | ||
| 942 | _2udc | ||